|
|
|
|
| LEADER |
01345nam a2200289 a 4500 |
| 001 |
25654 |
| 003 |
BD-DhAAL |
| 008 |
120724s1995 enk b 001 0 eng d |
| 010 |
|
|
|a 95040860
|
| 020 |
|
|
|a 1856493172 (hc)
|
| 020 |
|
|
|a 1856493180 (pbk.)
|
| 040 |
|
|
|a DLC
|c DLC
|d DLC
|d BD-DhAAL
|
| 082 |
0 |
0 |
|a 305.4209
|
| 245 |
0 |
0 |
|a Subversive women :
|b historical experiences of gender and resistance /
|c edited by Saskia Wieringa.
|
| 246 |
1 |
4 |
|a Subversive women : women's movements in Africa, Asia, Latin America, and the Caribbean.
|
| 260 |
|
|
|a London ;
|a Atlantic Highlands, N.J. :
|b Zed Books,
|c 1995.[Second impression 1997].
|
| 300 |
|
|
|a viii, 268 pages ;
|c 22 cm.
|
| 504 |
|
|
|a Includes bibliographical references and index.
|
| 541 |
|
|
|a 25654
|
| 650 |
|
0 |
|a Feminism
|x History.
|
| 650 |
|
0 |
|a Women
|x History.
|
| 700 |
1 |
|
|a Wieringa, Saskia,
|d 1950-
|9 54520
|
| 852 |
1 |
|
|a Ayesha Abed Library
|c General Stacks
|
| 942 |
|
|
|2 ddc
|c BK
|
| 999 |
|
|
|c 12612
|d 12612
|
| 952 |
|
|
|0 0
|1 0
|2 ddc
|4 0
|6 305_420900000000000_SUB
|7 0
|9 20806
|a BIGD
|b BIGD
|c GEN
|d 2012-07-24
|e BDI
|l 0
|o 305.4209 SUB
|p 3050025654
|r 2012-07-24
|t 1
|w 2012-07-24
|y BK
|x Transferred from BDI to BIGD.
|
| 952 |
|
|
|0 0
|1 0
|2 ddc
|4 0
|6 305_420900000000000_SUB
|7 0
|9 24312
|a BRACUL
|b BRACUL
|c GEN
|d 2014-05-14
|l 0
|o 305.4209 SUB
|p 3010017592
|r 2016-12-07
|t 2
|w 2014-05-14
|y BK
|x Transferred from ENH to Ayesha Abed library on 20/12/2023
|